[Event "BL 8182 Solingen-SKJE"]
[Site "?"]
[Date "1982.??.??"]
[Round "?.1"]
[White "Stein, B."]
[Black "Hecht, H."]
[Result "1/2-1/2"]
[WhiteElo "2295"]
[BlackElo "2460"]
[PlyCount "114"]
[EventDate "1982.??.??"]

1. e4 e6 2. d4 d5 3. Nc3 Nc6 4. exd5 exd5 5. g3 Bf5 6. Bf4 Bd6 7. Nge2 Nf6 8.
Bg2 Bxf4 9. Nxf4 Qe7+ 10. Qe2 Qxe2+ 11. Nfxe2 Bxc2 12. Nxd5 Nxd5 13. Bxd5 O-O-O
14. Bxc6 bxc6 15. Kd2 Rhe8 16. Rhe1 Ba4 17. Kc3 Re4 18. f3 Re3+ 19. Kd2 Rxf3
20. Rf1 Rxf1 21. Rxf1 f6 22. Rf4 c5 23. Rf5 Bb5 24. Nc3 Rxd4+ 25. Ke1 Bc6 26.
Rxc5 Kb7 27. a3 g6 28. Ke2 a6 29. Ke3 Rd6 30. Rc4 Re6+ 31. Kd2 Re5 32. Rh4 h5
33. Rf4 Re6 34. h4 Kc8 35. Ne2 Kd7 36. Nc3 Ke7 37. Rb4 g5 38. Rb8 Rd6+ 39. Ke3
Rd8 40. Rb4 Rg8 41. Rc4 Kd6 42. Rd4+ Ke5 43. Rc4 Kd6 44. Rd4+ Ke6 45. Rc4 Kd7
46. Rd4+ Kc8 47. Rc4 Kb7 48. Rb4+ Ka7 49. Rc4 Kb7 50. Rc5 Rg7 51. Rf5 gxh4 52.
gxh4 Rg3+ 53. Kd2 Rg2+ 54. Kc1 Be8 55. Nd5 Bg6 56. Rxf6 Be4 57. Nc3 Rg4 1/2-1/2

[Event "BL 8182 Solingen-SKJE"]
[Site "?"]
[Date "1982.??.??"]
[Round "?.3"]
[White "Fehrig, A."]
[Black "Dueball, J."]
[Result "1/2-1/2"]
[WhiteElo "2215"]
[BlackElo "2455"]
[PlyCount "44"]
[EventDate "1982.??.??"]

1. e4 c5 2. Nf3 d6 3. c3 Nf6 4. h3 Nbd7 5. Bd3 g6 6. Bc2 Bg7 7. O-O O-O 8. Qe2
e5 9. d3 Re8 10. Bb3 Nf8 11. Be3 Ne6 12. Ng5 Nxg5 13. Bxg5 h6 14. Be3 Nh5 15.
Qf3 Qe7 16. Nd2 Be6 17. Bxe6 Qxe6 18. c4 Kh7 19. g4 Nf4 20. Bxf4 exf4 21. Rab1
Be5 22. Qe2 Kg7 1/2-1/2

[Event "BL 8182 Bochum-HSK"]
[Site "?"]
[Date "1982.??.??"]
[Round "?.1"]
[White "Chandler, M."]
[Black "Schussler, H."]
[Result "1-0"]
[WhiteElo "2535"]
[BlackElo "2495"]
[PlyCount "83"]
[EventDate "1982.??.??"]

1. e4 e5 2. Nf3 Nf6 3. Nxe5 d6 4. Nf3 Nxe4 5. d4 d5 6. Bd3 Be7 7. O-O Nc6 8.
Re1 Bg4 9. c4 Nf6 10. Nc3 O-O 11. cxd5 Nxd5 12. h3 Be6 13. Qc2 h6 14. Bh7+ Kh8
15. Bf5 Ncb4 16. Qb1 Bxf5 17. Qxf5 Nf6 18. Bf4 c6 19. Rad1 Nbd5 20. Bc1 Qc8 21.
Qd3 Qc7 22. Ne5 Rad8 23. Qg3 Qc8 24. Qf3 Qc7 25. Ne4 Rde8 26. Bf4 Qa5 27. Ng3
Qxa2 28. Bc1 Nb6 29. Nf5 Ng8 30. b3 Kh7 31. Qd3 g6 32. Nxh6 Bf6 33. Nxg8 Bxe5
34. dxe5 Rxg8 35. Bg5 Nd5 36. Re4 Rh8 37. Rde1 Re6 38. Bf6 Nxf6 39. exf6 Rxf6
40. Qd4 Rf5 41. Re8 Rxe8 42. Rxe8 {ZÜ} 1-0

[Event "BL 8182 Bochum-HSK"]
[Site "?"]
[Date "1982.??.??"]
[Round "?.2"]
[White "Borik, O."]
[Black "Cordes, H."]
[Result "0-1"]
[WhiteElo "2410"]
[BlackElo "2280"]
[PlyCount "100"]
[EventDate "1982.??.??"]

1. d4 Nf6 2. c4 e6 3. Nf3 d5 4. Nc3 Be7 5. cxd5 exd5 6. Bf4 c6 7. Qc2 O-O 8. e3
Re8 9. Bd3 Nbd7 10. O-O-O Nf8 11. h3 Be6 12. Kb1 Qa5 13. Ng5 c5 14. Be5 c4 15.
Bf5 b5 16. Bxf6 gxf6 17. Nxe6 fxe6 18. Bg4 Qb6 19. Bh5 Rec8 20. Qe2 Kh8 21. Qg4
f5 22. Qf4 Nd7 23. g4 b4 24. Na4 Qa6 25. Nc5 Rxc5 26. dxc5 b3 27. a3 c3 28.
bxc3 Bf6 29. Rd2 Bxc3 30. Rc1 Be5 31. Qb4 Rb8 32. c6 Rxb4 33. cxd7 Rb8 34. f4
Bf6 35. g5 Be7 36. a4 Qb7 37. Be8 Rd8 38. Rd3 Qb4 39. Rcc3 b2 40. Rb3 Qxa4 41.
Rxb2 Bf8 42. Rd4 Qa3 43. Rc2 Qb3+ 44. Rb2 Qxe3 45. Ra4 Bg7 46. Rbb4 a5 47. Rb7
Qe1+ 48. Kc2 Qe2+ 49. Kc1 Qf1+ 50. Kd2 Qf2+ 0-1

[Event "BL 8182 Bochum-HSK"]
[Site "?"]
[Date "1982.??.??"]
[Round "?.3"]
[White "Gruenberg, Ra"]
[Black "Budde, V."]
[Result "1/2-1/2"]
[WhiteElo "2300"]
[BlackElo "2355"]
[PlyCount "33"]
[EventDate "1982.??.??"]

1. c4 e6 2. Nc3 c5 3. Nf3 Nc6 4. e3 Nf6 5. d4 d5 6. cxd5 exd5 7. Be2 Be7 8.
dxc5 Bxc5 9. O-O O-O 10. b3 a6 11. Bb2 Be6 12. Rc1 Qe7 13. Na4 Bd6 14. Nd4 Ne5
15. Nf3 Nc6 16. Nd4 Ne5 17. Nf3 1/2-1/2

[Event "BL 8182 Bochum-HSK"]
[Site "?"]
[Date "1982.??.??"]
[Round "?.4"]
[White "Paulsen, D."]
[Black "Jacoby, G."]
[Result "1-0"]
[WhiteElo "2290"]
[BlackElo "2270"]
[PlyCount "79"]
[EventDate "1982.??.??"]

1. e4 c5 2. Nc3 Nc6 3. g3 g6 4. Bg2 Bg7 5. f4 d6 6. d3 e6 7. Nf3 Nge7 8. O-O
O-O 9. g4 f5 10. gxf5 exf5 11. Be3 Nd4 12. Rb1 Nxf3+ 13. Bxf3 Be6 14. Qd2 Rc8
15. Qf2 b6 16. Qg2 Qd7 17. Rf2 Rfd8 18. Nd5 fxe4 19. Nxe7+ Qxe7 20. dxe4 d5 21.
f5 Bf7 22. fxg6 Bxg6 23. Bg5 Qe8 24. Bxd8 Rxd8 25. Re2 d4 26. h4 h5 27. Kh1 Kh7
28. Rg1 Be5 29. Qg5 Rd7 30. Reg2 Rg7 31. Rf2 Qe6 32. Bg2 Kg8 33. Rgf1 Bf7 34.
Qf5 Qe7 35. Bh3 Bg3 36. Qc8+ Kh7 37. Bf5+ Bg6 38. Bxg6+ Kh6 39. Rf6 Rxg6 40.
Qh8+ 1-0

[Event "BL 8182 Bochum-HSK"]
[Site "?"]
[Date "1982.??.??"]
[Round "?.7"]
[White "Fette, M."]
[Black "Ackermann, H."]
[Result "1-0"]
[WhiteElo "2235"]
[BlackElo "2255"]
[PlyCount "125"]
[EventDate "1982.??.??"]

1. e4 c6 2. d4 g6 3. Nc3 Bg7 4. Nf3 d6 5. Be2 Nf6 6. O-O O-O 7. Bf4 Qb6 8. Qc1
Bg4 9. Rd1 d5 10. exd5 Nxd5 11. Nxd5 cxd5 12. c3 Nd7 13. h3 Bxf3 14. Bxf3 e6
15. Re1 Rfc8 16. Qd2 Qc6 17. Rac1 b5 18. b3 Nb6 19. h4 a5 20. h5 a4 21. Bh6 Bh8
22. hxg6 hxg6 23. Qg5 axb3 24. axb3 Ra3 25. Re3 Qd6 26. Rce1 Re8 27. Bh5 e5 28.
dxe5 Qe6 29. Bg4 Qe7 30. Qf4 Rxb3 31. Bg5 Qc7 32. Rh3 f5 33. Bd1 Bxe5 34. Rxe5
Rxe5 35. Bxb3 Re1+ 36. Kh2 Qxf4+ 37. Bxf4 Rb1 38. Be3 Nc4 39. Bxc4 dxc4 40. Bc5
Rd1 41. Bb4 Rd2 42. Kg3 Kg7 43. Rh1 g5 44. f3 f4+ 45. Kh2 Kg6 46. Ra1 g4 47.
fxg4 Kg5 48. Rf1 Kxg4 49. Ba5 Rd7 50. Rf3 Ra7 51. Bb4 Rd7 52. Ba3 Rd1 53. Rf2
Rd3 54. Bb4 Rd1 55. Rb2 Rd5 56. Re2 Rh5+ 57. Kg1 Rd5 58. Re8 Rd1+ 59. Kf2 Rd2+
60. Kf1 Rc2 61. Rg8+ Kf5 62. Rb8 Ke4 63. Rxb5 {.../100/} 1-0

[Event "BL 8182 Bochum-HSK"]
[Site "?"]
[Date "1982.??.??"]
[Round "?.8"]
[White "Ueter, H."]
[Black "Schroeder, C."]
[Result "1-0"]
[WhiteElo "2210"]
[BlackElo "2240"]
[PlyCount "57"]
[EventDate "1982.??.??"]

1. e4 c5 2. Nf3 d6 3. d4 cxd4 4. Nxd4 Nf6 5. Nc3 g6 6. Be3 Bg7 7. Bc4 O-O 8. f3
Nc6 9. Qd2 Bd7 10. Bb3 Qa5 11. O-O-O Rfc8 12. Kb1 Ne5 13. g4 Nc4 14. Bxc4 Rxc4
15. Nb3 Qd8 16. h4 a5 17. h5 a4 18. e5 Nxg4 19. fxg4 Bxg4 20. hxg6 Bxd1 21.
gxf7+ Kf8 22. Bh6 Rg4 23. Qxd1 Rg6 24. Bxg7+ Rxg7 25. Nd4 Qc8 26. e6 Ra5 27.
Qd3 Rag5 28. a3 Rg3 29. Qb5 1-0

[Event "BL 8182 SKJE-Bochum"]
[Site "?"]
[Date "1982.??.??"]
[Round "?.1"]
[White "Schussler, H."]
[Black "Stein, B."]
[Result "1-0"]
[WhiteElo "2495"]
[BlackElo "2295"]
[PlyCount "105"]
[EventDate "1982.??.??"]

1. d4 Nf6 2. c4 d6 3. Nc3 Nbd7 4. Nf3 c6 5. e4 e5 6. Be2 Be7 7. O-O O-O 8. Re1
a6 9. Bf1 b5 10. b3 b4 11. Na4 c5 12. dxc5 dxc5 13. Nb2 Bb7 14. Qc2 Re8 15. Bd3
Bd6 16. Nd1 a5 17. Ne3 a4 18. Rb1 Nf8 19. Nd5 Ne6 20. g3 h6 21. Bd2 axb3 22.
axb3 Nd4 23. Nxd4 Nxd5 24. exd5 exd4 25. Bh7+ Kf8 26. Rxe8+ Qxe8 27. Re1 Qd7
28. Bf5 Qd8 29. Qe4 Kg8 30. h4 Qf6 31. h5 Qd8 32. Qg4 Kf8 33. Qe4 Qe7 34. Qd3
Qd8 35. Bh3 Kg8 36. Qe4 Qf6 37. Bf1 Bf8 38. Bd3 g6 39. hxg6 fxg6 40. Qxg6+ Qxg6
41. Bxg6 Ra3 42. Re8 Kg7 43. Bh5 Rxb3 44. Bf4 Ra3 45. Be5+ Kg8 46. Rb8 Ra7 47.
Bg4 Kf7 48. Bh5+ Kg8 49. Bg4 Kf7 50. Be6+ Ke7 51. Kg2 b3 52. Bf5 b2 53. Bg6 1-0

[Event "BL 8182 SKJE-Bochum"]
[Site "?"]
[Date "1982.??.??"]
[Round "?.3"]
[White "Budde, V."]
[Black "Fehrig, A."]
[Result "1/2-1/2"]
[WhiteElo "2355"]
[BlackElo "2215"]
[PlyCount "102"]
[EventDate "1982.??.??"]

1. Nf3 Nf6 2. g3 d6 3. d4 c6 4. Bg2 Nbd7 5. Nbd2 e5 6. O-O Be7 7. e4 O-O 8. b3
Re8 9. Re1 b5 10. a4 Bb7 11. Bb2 Bf8 12. c3 a6 13. Qc2 Qc7 14. Re2 g6 15. Ne1
Bh6 16. Nf1 c5 17. d5 Nb6 18. a5 Nc8 19. Bc1 Bxc1 20. Qxc1 Nh5 21. Bf3 Ng7 22.
Ne3 Rf8 23. Bg2 Ne7 24. f4 f6 25. Rf2 Rae8 26. Nd3 Bc8 27. c4 b4 28. g4 exf4
29. Nxf4 Kh8 30. h3 Ng8 31. Nd3 Rf7 32. Nf1 h5 33. Bf3 Kh7 34. gxh5 Nxh5 35.
Raa2 Rg7 36. h4 Qe7 37. Rh2 Nh6 38. Rag2 Reg8 39. Ng3 Nxg3 40. Rxg3 f5 41. h5
g5 42. exf5 Bxf5 43. Re2 Qf6 44. Nf2 Re7 45. Be4 Bxe4 46. Rxe4 Rxe4 47. Nxe4
Qd4+ 48. Nf2 Rf8 49. Rg2 Rf4 50. Qc2+ Nf5 51. Rxg5 Qf6 1/2-1/2

[Event "BL 8182 HSK-Solingen"]
[Site "?"]
[Date "1982.??.??"]
[Round "?.1"]
[White "Hecht, H."]
[Black "Chandler, M."]
[Result "0-1"]
[WhiteElo "2460"]
[BlackElo "2535"]
[PlyCount "92"]
[EventDate "1982.??.??"]

1. e4 e5 2. Nf3 Nc6 3. Bb5 a6 4. Bxc6 dxc6 5. O-O f6 6. d4 Bg4 7. c3 Bd6 8. Be3
Qe7 9. Nbd2 O-O-O 10. Re1 Nh6 11. dxe5 Bxe5 12. Qc2 Nf7 13. Nxe5 Nxe5 14. f3
Be6 15. Bd4 c5 16. Bxe5 fxe5 17. Rad1 c4 18. Nf1 Qc5+ 19. Qf2 Qa5 20. Rxd8+
Rxd8 21. a3 Qb5 22. Ne3 Rd3 23. Re2 b6 24. h3 Kb7 25. f4 exf4 26. Qxf4 Qc5 27.
Kh2 g5 28. Qf6 Bxh3 29. gxh3 Rxe3 30. Rxe3 Qxe3 31. e5 h5 32. e6 h4 33. Qf5 Kc6
34. Kg2 Qg3+ 35. Kh1 Kd6 36. Qf8+ Kxe6 37. Qe8+ Kd6 38. Qg6+ Kc5 39. Qf5+ Kc6
40. Qe4+ Kb5 41. Qd5+ c5 42. a4+ Ka5 43. Qxc4 Qxh3+ 44. Kg1 Qg3+ 45. Kh1 Qf3+
46. Kg1 Qe3+ 0-1

[Event "BL 8182 HSK-Solingen"]
[Site "?"]
[Date "1982.??.??"]
[Round "?.2"]
[White "Cordes, H."]
[Black "Lau, R."]
[Result "1/2-1/2"]
[WhiteElo "2280"]
[BlackElo "2405"]
[PlyCount "62"]
[EventDate "1982.??.??"]

1. d4 Nf6 2. Nf3 b6 3. Bf4 Bb7 4. e3 g6 5. Be2 Bg7 6. c4 d6 7. Qc2 Nbd7 8. Nc3
O-O 9. O-O Qe8 10. Rfd1 a6 11. a4 h6 12. a5 Nh5 13. Bg3 Nxg3 14. hxg3 e6 15. b4
Qe7 16. Ra2 Rfc8 17. Rb1 Nf6 18. Nd2 Rab8 19. b5 bxa5 20. bxa6 Bxa6 21. Rxa5
Bb7 22. Rab5 c6 23. Rb6 Rc7 24. Qb2 Nd7 25. Rb3 e5 26. d5 Nc5 27. dxc6 Nxb3 28.
Nd5 Qd8 29. Nxc7 Bxc6 30. Nd5 Bxd5 31. cxd5 e4 1/2-1/2

[Event "BL 8182 HSK-Solingen"]
[Site "?"]
[Date "1982.??.??"]
[Round "?.3"]
[White "Dueball, J."]
[Black "Gruenberg, Ra"]
[Result "1/2-1/2"]
[WhiteElo "2455"]
[BlackElo "2300"]
[PlyCount "41"]
[EventDate "1982.??.??"]

1. e4 c5 2. Nf3 Nc6 3. d4 cxd4 4. Nxd4 g6 5. c4 Nf6 6. Nc3 Nxd4 7. Qxd4 d6 8.
Bg5 Bg7 9. Qd2 O-O 10. Bd3 Bd7 11. O-O a6 12. Rfe1 Re8 13. Rad1 Qa5 14. Nd5
Qxd2 15. Rxd2 Nxd5 16. exd5 e5 17. dxe6 Rxe6 18. Rxe6 Bxe6 19. b3 h6 20. Be3
Rd8 21. f3 1/2-1/2

[Event "BL 8182 HSK-Solingen"]
[Site "?"]
[Date "1982.??.??"]
[Round "?.4"]
[White "Jacoby, G."]
[Black "Lehmann, H."]
[Result "1/2-1/2"]
[WhiteElo "2270"]
[BlackElo "2335"]
[PlyCount "57"]
[EventDate "1982.??.??"]

1. d4 d5 2. c4 dxc4 3. Nf3 Nf6 4. e3 g6 5. Bxc4 Bg7 6. Nc3 O-O 7. h3 c5 8. d5
Ne8 9. e4 Nd6 10. Bd3 e5 11. Qb3 b6 12. O-O Ba6 13. Bxa6 Nxa6 14. Nd2 Nc7 15.
a4 Nce8 16. Nb5 Qd7 17. Nxd6 Nxd6 18. Re1 Rfc8 19. Nc4 Nxc4 20. Qxc4 a6 21. Qc3
c4 22. Be3 b5 23. Red1 Qd6 24. axb5 axb5 25. Rxa8 Rxa8 26. b4 f6 27. Bc5 Qd7
28. Qd2 Bf8 29. Qe3 1/2-1/2

[Event "BL 8182 HSK-Solingen"]
[Site "?"]
[Date "1982.??.??"]
[Round "?.5"]
[White "Westerinen, H."]
[Black "Pokern, N."]
[Result "1/2-1/2"]
[WhiteElo "2425"]
[BlackElo "2240"]
[PlyCount "54"]
[EventDate "1982.??.??"]

1. e4 e5 2. Nf3 Nc6 3. Bb5 f5 4. Nc3 fxe4 5. Nxe4 Nf6 6. Qe2 d5 7. Neg5 Bd6 8.
Bxc6+ bxc6 9. Nxe5 O-O 10. d4 c5 11. c3 cxd4 12. cxd4 a5 13. Qc2 c5 14. Be3
cxd4 15. Nc6 Qe8 16. Nxd4 h6 17. Ngf3 Ng4 18. O-O Nxe3 19. fxe3 Qxe3+ 20. Kh1
Qe8 21. Rac1 Bd7 22. Qf2 Rb8 23. b3 Qh5 24. Qh4 Qxh4 25. Nxh4 Rxf1+ 26. Rxf1 a4
27. Nhf5 Bf8 1/2-1/2

[Event "BL 8182 HSK-Solingen"]
[Site "?"]
[Date "1982.??.??"]
[Round "?.7"]
[White "Bilek, M."]
[Black "Fette, M."]
[Result "1/2-1/2"]
[WhiteElo "2280"]
[BlackElo "2235"]
[PlyCount "34"]
[EventDate "1982.??.??"]

1. e4 c6 2. d4 d5 3. Nd2 dxe4 4. Nxe4 Nd7 5. Nf3 Ngf6 6. Nxf6+ Nxf6 7. Bc4 Bf5
8. O-O e6 9. Qe2 Bg4 10. Rd1 Be7 11. h3 Bh5 12. Bf4 O-O 13. Be5 Qb6 14. Rd3 c5
15. Rb3 Qc6 16. Bb5 Qc8 17. Bd3 Bxf3 1/2-1/2

[Event "BL 8182 HSK-Solingen"]
[Site "?"]
[Date "1982.??.??"]
[Round "?.8"]
[White "Schroeder, C."]
[Black "Capelan, G."]
[Result "1/2-1/2"]
[WhiteElo "2240"]
[BlackElo "2425"]
[PlyCount "80"]
[EventDate "1982.??.??"]

1. e4 c5 2. Nf3 e6 3. d4 cxd4 4. Nxd4 a6 5. Bd3 Nf6 6. O-O Qc7 7. Be3 d6 8. c4
Nbd7 9. f3 Be7 10. Nc3 Ne5 11. Rc1 Nxd3 12. Qxd3 O-O 13. Rfd1 Rd8 14. Qe2 Bd7
15. b3 Be8 16. Qf2 Nd7 17. Qg3 Ne5 18. f4 Nc6 19. f5 Qc8 20. Nxc6 Bxc6 21. Bd4
f6 22. Rf1 exf5 23. exf5 Qd7 24. Bb6 Re8 25. Qd3 Bf8 26. Nd5 Bxd5 27. Qxd5+ Qf7
28. Qf3 Re5 29. Bd4 Re7 30. Rce1 Rae8 31. Bc3 b5 32. cxb5 axb5 33. Qc6 Rxe1 34.
Rxe1 Rxe1+ 35. Bxe1 Qa7+ 36. Kf1 Qxa2 37. Qxb5 h6 38. Qc4+ Kh7 39. Qc8 Qxb3 40.
Qxf8 Qd3+ 1/2-1/2

[Event "BL 8182 Kettig-FH Hamburg"]
[Site "?"]
[Date "1982.??.??"]
[Round "?.1"]
[White "Wockenfuss, K."]
[Black "Weidemann, J."]
[Result "1-0"]
[WhiteElo "2380"]
[BlackElo "2285"]
[PlyCount "75"]
[EventDate "1982.??.??"]

1. Nf3 f5 2. d4 e6 3. g3 Nf6 4. Bg2 d5 5. O-O Be7 6. c4 c6 7. b3 O-O 8. Ba3 Ne4
9. Bxe7 Qxe7 10. Qc2 Nd7 11. Nbd2 g5 12. Ne1 Qg7 13. Rd1 h5 14. Nxe4 dxe4 15.
f3 exf3 16. Nxf3 Nf6 17. Qc1 Nh7 18. e4 Bd7 19. Ne5 Rad8 20. exf5 exf5 21. Nxd7
Rxd7 22. d5 c5 23. Qe3 h4 24. d6 f4 25. Qxc5 hxg3 26. hxg3 Rf6 27. Qd5+ Kh8 28.
c5 Nf8 29. Rde1 Rdf7 30. g4 Qh7 31. Rf3 Qc2 32. Rh3+ Kg7 33. Be4 Qb2 34. Qxg5+
Rg6 35. Bxg6 Nxg6 36. Qh6+ Kf6 37. Rd3 Qc2 38. Rd5 1-0

[Event "BL 8182 Kettig-FH Hamburg"]
[Site "?"]
[Date "1982.??.??"]
[Round "?.2"]
[White "Marian, R."]
[Black "Cording, H."]
[Result "1-0"]
[WhiteElo "2250"]
[BlackElo "2320"]
[PlyCount "69"]
[EventDate "1982.??.??"]

1. d4 Nf6 2. g3 g6 3. Bg2 Bg7 4. e4 d6 5. Nc3 O-O 6. Nge2 e5 7. h3 Nc6 8. Be3
Re8 9. O-O exd4 10. Nxd4 Bd7 11. Re1 Nxd4 12. Bxd4 Bc6 13. Qd3 a6 14. Rad1 Re6
15. h4 Qe8 16. f4 Rd8 17. Re2 b5 18. a3 Ba8 19. b4 h5 20. Rde1 c5 21. Bxf6 Bxf6
22. Nd5 Bd4+ 23. Kh2 Bxd5 24. exd5 Rxe2 25. Rxe2 Qf8 26. f5 gxf5 27. Qxf5 Re8
28. Qg5+ Bg7 29. Rxe8 Qxe8 30. bxc5 f6 31. Qf5 dxc5 32. d6 Bf8 33. d7 Qd8 34.
Qg6+ Kh8 35. Bd5 1-0

[Event "BL 8182 Frankfurt-Delmenhorst"]
[Site "?"]
[Date "1982.??.??"]
[Round "?.1"]
[White "Juhnke, K."]
[Black "Sosonko, G."]
[Result "0-1"]
[WhiteElo "2320"]
[BlackElo "2585"]
[PlyCount "110"]
[EventDate "1982.??.??"]

1. d4 Nf6 2. c4 e6 3. Nc3 Bb4 4. e3 c5 5. Bd3 Nc6 6. Nf3 Bxc3+ 7. bxc3 d6 8. e4
e5 9. d5 Ne7 10. Nd2 Qa5 11. Qb3 O-O 12. Nf1 Nh5 13. Ne3 Nf4 14. Bc2 f5 15. g3
Nh3 16. exf5 Nxf5 17. Bxf5 Bxf5 18. Nxf5 Rxf5 19. Be3 Raf8 20. Rf1 Qc7 21. Rb1
b6 22. Qc2 Qf7 23. a4 Qg6 24. Rb2 Qg4 25. Qe2 Rf3 26. a5 bxa5 27. Rb7 Qf5 28.
Kd2 Ng5 29. Qd3 Ne4+ 30. Ke1 Nxg3 31. Qxf5 Nxf5 32. Rg1 Rh3 33. Rg2 g6 34. Kd2
Rf7 35. Rb5 Nh4 36. Rg3 Rxh2 37. Rxa5 Nf5 38. Rf3 Rh4 39. Ra6 Rxc4 40. Rxf5
gxf5 41. Kd3 Rg4 42. Rxd6 c4+ 43. Ke2 f4 44. Bc5 Rc7 45. Rd8+ Kf7 46. Bd6 Rb7
47. Rf8+ Kg7 48. Kf3 Rg1 49. Rf5 Rf7 50. Rxe5 Kg6 51. Bc5 Rg5 52. Re6+ Rf6 53.
Re7 Rxd5 54. Bd4 Rf7 55. Re6+ Kf5 0-1

[Event "BL 8182 Frankfurt-Delmenhorst"]
[Site "?"]
[Date "1982.??.??"]
[Round "?.3"]
[White "Meyer, CD."]
[Black "Podzielny, K."]
[Result "1/2-1/2"]
[WhiteElo "2285"]
[BlackElo "2405"]
[PlyCount "67"]
[EventDate "1982.??.??"]

1. d4 Nf6 2. Nf3 c5 3. e3 g6 4. c4 Bg7 5. Nc3 O-O 6. Be2 cxd4 7. exd4 d5 8. O-O
dxc4 9. Bxc4 a6 10. a3 Bg4 11. Be3 Nc6 12. Ba2 b5 13. Re1 b4 14. axb4 Nxb4 15.
Bb3 Qb8 16. Ra3 Qb7 17. Na4 Bxf3 18. Qxf3 Qxf3 19. gxf3 e6 20. Nc5 Rfd8 21. Ra4
a5 22. Rea1 Nc6 23. Rc1 Nb4 24. Rca1 Nh5 25. Nb7 Rdb8 26. Nxa5 Ra6 27. Bc4 Rd6
28. Nb3 Nc6 29. Ra8 Rdd8 30. Rxb8 Rxb8 31. Ra6 Rc8 32. Ra4 Rb8 33. Ra6 Rc8 34.
Ra4 1/2-1/2

[Event "BL 8182 Frankfurt-Delmenhorst"]
[Site "?"]
[Date "1982.??.??"]
[Round "?.5"]
[White "Dornieden, M."]
[Black "Haakert, J."]
[Result "1-0"]
[WhiteElo "2325"]
[BlackElo "2305"]
[PlyCount "87"]
[EventDate "1982.??.??"]

1. Nf3 g6 2. e4 Bg7 3. d4 d6 4. Nc3 Nf6 5. Be2 O-O 6. O-O c6 7. a4 a5 8. h3 Na6
9. Be3 Nb4 10. Qd2 Bd7 11. e5 Ne8 12. Na2 Nxa2 13. Rxa2 Be6 14. b3 dxe5 15.
Nxe5 Nd6 16. Rd1 Nf5 17. c4 Qb6 18. g4 Nxe3 19. Qxe3 Bxe5 20. dxe5 Qxe3 21.
fxe3 Rfd8 22. Rd4 c5 23. Rdd2 f6 24. exf6 exf6 25. Bf3 Kf7 26. Kf2 Ke7 27. Rab2
Rab8 28. Rbc2 Rd6 29. Rxd6 Kxd6 30. Rd2+ Ke5 31. Kg3 b6 32. Bd5 Rd8 33. e4 Bc8
34. Rd1 f5 35. exf5 gxf5 36. Re1+ Kd4 37. g5 f4+ 38. Kxf4 Rf8+ 39. Kg3 Kc3 40.
Re3+ Kd2 41. Re7 Kc2 42. Rxh7 Kxb3 43. g6 Rf6 44. g7 1-0

[Event "BL 8182 Frankfurt-Delmenhorst"]
[Site "?"]
[Date "1982.??.??"]
[Round "?.7"]
[White "Hickl, T."]
[Black "Fahnenschmidt, G."]
[Result "1-0"]
[WhiteElo "2235"]
[BlackElo "2325"]
[PlyCount "97"]
[EventDate "1982.??.??"]

1. Nf3 Nf6 2. c4 c5 3. e3 g6 4. b3 Bg7 5. Bb2 O-O 6. Be2 b6 7. O-O Bb7 8. d4
cxd4 9. Nxd4 Nc6 10. Bf3 Qc7 11. Nc3 a6 12. Rc1 Ne5 13. Be2 Qd8 14. f4 Nc6 15.
Bf3 Rb8 16. Nde2 d6 17. Rc2 Nb4 18. Rd2 Bxf3 19. Rxf3 Qc8 20. a3 Nc6 21. Qa1
Na5 22. Nc1 Re8 23. Rd3 Bf8 24. f5 b5 25. fxg6 fxg6 26. cxb5 axb5 27. Rxf6 exf6
28. Nd5 Re6 29. Nxf6+ Rxf6 30. Bxf6 Rb7 31. Ne2 Rf7 32. Nf4 Qf5 33. Bh4 Nc6 34.
Bg3 Ne5 35. Rd1 Ng4 36. Qd4 Bg7 37. Qd2 Qc5 38. h3 Nf6 39. b4 Qa7 40. Qd3 Re7
41. Nd5 Nxd5 42. Qxd5+ Kh8 43. Qxd6 Re8 44. Qc6 Rf8 45. Bf2 Qxa3 46. Qxb5 Bc3
47. Be1 Qb3 48. Qd3 Rc8 49. Rc1 1-0

[Event "BL 8182 Frankfurt-Delmenhorst"]
[Site "?"]
[Date "1982.??.??"]
[Round "?.8"]
[White "Steinbacher, M."]
[Black "Anbuhl, E."]
[Result "1-0"]
[WhiteElo "2265"]
[BlackElo "2225"]
[PlyCount "75"]
[EventDate "1982.??.??"]

1. Nf3 d5 2. c4 c6 3. d4 Nf6 4. Nc3 dxc4 5. Bg5 b5 6. e3 Be6 7. Be2 Nbd7 8. O-O
h6 9. Bh4 g5 10. Bg3 Bg7 11. e4 Nb6 12. d5 cxd5 13. Nxb5 O-O 14. exd5 Nfxd5 15.
h4 gxh4 16. Be5 Bxe5 17. Nxe5 Nf4 18. Bf3 Qxd1 19. Rfxd1 Bd5 20. Rd4 Bxf3 21.
Rxf4 Bb7 22. Rxh4 Kg7 23. Nxc4 Rfc8 24. Ne3 Rc5 25. Nd4 e6 26. b4 Rcc8 27. a4
Nd5 28. Nxd5 Bxd5 29. b5 Rc4 30. Ra3 Rac8 31. Rah3 Rc3 32. Rg4+ Kh7 33. Rh5 Rg8
34. Rxg8 Kxg8 35. a5 Rc4 36. Rh4 Rb4 37. Rg4+ Kf8 38. Nxe6+ 1-0

[Event "BL 8182 FH Hamburg-Frankfurt"]
[Site "?"]
[Date "1982.??.??"]
[Round "?.1"]
[White "Sosonko, G."]
[Black "Wockenfuss, K."]
[Result "1/2-1/2"]
[WhiteElo "2585"]
[BlackElo "2380"]
[PlyCount "35"]
[EventDate "1982.??.??"]

1. d4 Nf6 2. c4 d6 3. Nc3 e5 4. Nf3 e4 5. Ng5 Bf5 6. f3 exf3 7. gxf3 Be7 8. e4
Bd7 9. f4 h6 10. Nf3 Nh5 11. Be3 g5 12. f5 g4 13. Ng1 Bh4+ 14. Kd2 Rg8 15. Kc2
Nc6 16. a3 Bg5 17. Bxg5 Qxg5 18. Nge2 1/2-1/2

[Event "BL 8182 FH Hamburg-Frankfurt"]
[Site "?"]
[Date "1982.??.??"]
[Round "?.2"]
[White "Cording, H."]
[Black "Lobron, E."]
[Result "1/2-1/2"]
[WhiteElo "2320"]
[BlackElo "2395"]
[PlyCount "99"]
[EventDate "1982.??.??"]

1. d4 Nf6 2. c4 e6 3. Nc3 c5 4. d5 exd5 5. cxd5 d6 6. e4 g6 7. Bd3 Bg7 8. Nge2
O-O 9. O-O a6 10. a4 Nbd7 11. h3 Qc7 12. f4 Re8 13. Ng3 Rb8 14. Be3 c4 15. Bc2
Nc5 16. Qf3 b5 17. axb5 axb5 18. e5 dxe5 19. fxe5 Rxe5 20. Bf4 b4 21. Bxe5 Qxe5
22. Rae1 Qd4+ 23. Kh1 Bxh3 24. Nce4 Ncxe4 25. Nxe4 Bf5 26. Nxf6+ Qxf6 27. Qf4
Rc8 28. d6 Rd8 29. Qxc4 Qxd6 30. Rd1 Bd4 31. Bxf5 gxf5 32. Rf3 Re8 33. Rfd3
Qh6+ 34. Rh3 Qf4 35. Qxb4 Re2 36. Qxd4 Re1+ 37. Rxe1 Qxd4 38. b3 Qf2 39. Ree3
Kg7 40. Rhf3 Qd2 41. Kh2 Kf6 42. Rd3 Qe1 43. Rd5 Qh4+ 44. Kg1 Qe1+ 45. Kh2 Qh4+
46. Kg1 Qe1+ 47. Rf1 Qe3+ 48. Kh1 Qh6+ 49. Kg1 Qe3+ 50. Kh2 1/2-1/2

[Event "BL 8182 FH Hamburg-Frankfurt"]
[Site "?"]
[Date "1982.??.??"]
[Round "?.4"]
[White "Schmidt, Wo"]
[Black "Werner, D."]
[Result "0-1"]
[WhiteElo "2295"]
[BlackElo "2355"]
[PlyCount "54"]
[EventDate "1982.??.??"]

1. c4 g6 2. g3 Bg7 3. Bg2 d6 4. Nc3 e5 5. d3 f5 6. e3 Ne7 7. Nge2 O-O 8. Bd2
Nd7 9. b4 g5 10. Qb3 f4 11. gxf4 gxf4 12. Be4 a5 13. Na4 axb4 14. Qxb4 Nf6 15.
Rg1 Nxe4 16. dxe4 Nc6 17. Qb3 Kh8 18. O-O-O Qh4 19. exf4 exf4 20. Nac3 Bg4 21.
Rde1 Ne5 22. h3 Nd3+ 23. Kb1 Bxe2 24. Rxe2 f3 25. Bg5 Qxh3 26. Rd2 Qh2 27. Rgd1
Nc5 0-1

[Event "BL 8182 FH Hamburg-Frankfurt"]
[Site "?"]
[Date "1982.??.??"]
[Round "?.6"]
[White "Sack, B."]
[Black "Bialas, W."]
[Result "1/2-1/2"]
[WhiteElo "2225"]
[BlackElo "2340"]
[PlyCount "132"]
[EventDate "1982.??.??"]

1. e4 c5 2. Nf3 Nc6 3. d4 cxd4 4. Nxd4 g6 5. Nc3 Bg7 6. Be3 Nf6 7. Bc4 O-O 8.
O-O Na5 9. Bb3 a6 10. f3 Qc7 11. a4 d6 12. Qd2 e5 13. Nde2 Be6 14. Nd5 Bxd5 15.
exd5 Nc4 16. Bxc4 Qxc4 17. Rfd1 Rac8 18. c3 Rfe8 19. Ng3 e4 20. Bf4 exf3 21.
gxf3 Rc5 22. Ne4 Nxe4 23. fxe4 Rxe4 24. Bxd6 Rg4+ 25. Kf2 Qe4 26. Bg3 Qf5+ 27.
Kg2 h5 28. d6 Qd7 29. h3 Rgg5 30. Kh2 Rcf5 31. Re1 Bf8 32. Rad1 Rxg3 33. Kxg3
h4+ 34. Kg2 Rf6 35. Qg5 Kg7 36. Qg4 Qc6+ 37. Qe4 Qd7 38. c4 Qxa4 39. c5 Qb3 40.
Qd3 Qa4 41. Qd4 Qb3 42. Qd3 Qa4 43. Rf1 Rxf1 44. Rxf1 Qc6+ 45. Qf3 Qd7 46. Qc3+
Kg8 47. Qf3 a5 48. Rf2 Bh6 49. Re2 Bg5 50. Qd5 Bf6 51. Rf2 Kg7 52. Rf3 a4 53.
Rf4 Bxb2 54. Rb4 a3 55. Rxb7 Qe8 56. Re7 Qf8 57. c6 Bf6 58. Re2 Qa8 59. d7 Qb8
60. Qd3 Qa8 61. Qd5 Qb8 62. Qf3 Bd4 63. Qxa3 Qb5 64. Qf3 Qg5+ 65. Qg4 Qd5+ 66.
Qe4 Qg5+ 1/2-1/2